Pays commençant par S (avec une carte semi-vide) - Statistiques

Statistiques générales
  • Ce quiz a été pris 377 fois
  • Le résultat moyen est 190 sur 196
Réponses sur la Carte
Les réponses sont colorées sur une échelle allant du rouge au vert en fonction du pourcentage des utilisateurs qui les ont devinées à leur premier essai. Vous pouvez retrouver ces pourcentages ci-dessous.
 
Statistiques - réponses
pays % Correct
x
100%
Soudan
95%
Suède
94%
Suisse
94%
Slovaquie
93%
Slovénie
93%
Soudan du Sud
91%
Suriname
88%
Serbie
85%
Sénégal
84%
Somalie
81%
Sierra Leone
73%
Saint-Christophe- et-Niévès
72%
Sainte-Lucie
72%
Sri Lanka
72%
Saint-Vincent-et- les-Grenadines
71%
Saint-Marin
70%
Samoa
70%
Syrie
70%
Seychelles
69%
Salvador
64%
Sao Tomé- et-Principe
59%
Salomon
57%
Swaziland
57%
Singapour
54%
Aucun quiz correspondant
Distribution des résultats
% des personnes avec chaque résultat
Percentile par nombre de réponses
Votre historique - résultats
Vous n’avez pas pris ce quiz